[Event "FSGM March"]
[Site "Budapest HUN"]
[Date "2008.03.13"]
[Round "12"]
[White "Szabo, Krisz1"]
[Black "Ilincic, Z."]
[Result "1-0"]
[WhiteElo "2500"]
[BlackElo "2561"]
[PlyCount "157"]
[EventDate "2008.03.01"]
[SourceDate "1999.07.01"]

1. e4 e5 2. Nf3 Nf6 3. Nxe5 d6 4. Nf3 Nxe4 5. d4 d5 6. Bd3 Nd6 7. Ne5 Nd7 8.
Qf3 Nf6 9. Nc3 c6 10. Bg5 Be7 11. O-O-O Nfe4 12. Bxe7 Qxe7 13. Bxe4 dxe4 14.
Nxe4 Nxe4 15. Qxe4 f6 16. Nc4 Qxe4 17. Nd6+ Ke7 18. Nxe4 f5 19. Nc5 Rd8 20. c3
b6 21. Rhe1+ Kf6 22. Nd3 Be6 23. b3 a5 24. Ne5 c5 25. dxc5 Rxd1+ 26. Kxd1 bxc5
27. Kc2 f4 28. c4 a4 29. Kc3 axb3 30. axb3 Ra2 31. Nd3 Bf5 32. Nxc5 Rc2+ 33.
Kd4 Rd2+ 34. Kc3 Rc2+ 35. Kb4 Rxf2 36. Ne4+ Bxe4 37. Rxe4 Kf5 38. Re7 Rxg2 39.
c5 f3 40. Rf7+ Ke4 41. c6 Rc2 42. Kb5 f2 43. b4 Ke3 44. Kb6 Rc4 45. b5 Rf4 46.
Rxf4 Kxf4 47. c7 f1=Q 48. c8=Q Kg5 49. Qc7 g6 50. Qe5+ Kg4 51. Kc5 Qf8+ 52. Qd6
Qf5+ 53. Kc6 Qc8+ 54. Kd5 Qf5+ 55. Qe5 Qd7+ 56. Kc5 Qa7+ 57. Kb4 Qb7 58. Qe6+
Kh4 59. b6 g5 60. Qc4+ g4 61. Qc7 Qe4+ 62. Kc5 Qc2+ 63. Kd5 Qd3+ 64. Ke5 Qe3+
65. Kf6 Qg5+ 66. Kf7 Qg6+ 67. Kf8 Qf6+ 68. Kg8 Qg6+ 69. Kh8 Qf6+ 70. Kxh7 Qf5+
71. Kg7 Qg5+ 72. Kf7 Qf5+ 73. Ke8 Qg6+ 74. Kd8 Qg8+ 75. Kd7 Qd5+ 76. Qd6 Qb7+
77. Ke8 Kh5 78. Qe5+ Kg6 79. Qe6+ 1-0

[Event "TCh-BEL 2007-8"]
[Site "Belgium BEL"]
[Date "2008.02.10"]
[Round "8"]
[White "Spraggett, K."]
[Black "Steingrimsson, H."]
[Result "1/2-1/2"]
[WhiteElo "2588"]
[BlackElo "2554"]
[PlyCount "80"]
[EventDate "2008.01.06"]
[SourceDate "1999.07.01"]

1. e4 e5 2. Nf3 Nf6 3. Nxe5 d6 4. Nf3 Nxe4 5. d4 d5 6. Bd3 Nc6 7. O-O Be7 8.
Nc3 Bf5 9. Re1 Nxc3 10. bxc3 Bxd3 11. Qxd3 O-O 12. Rb1 b6 13. Bf4 Qd7 14. Re2
Rae8 15. Rbe1 Bd8 16. h3 f6 17. Rxe8 Rxe8 18. Rxe8+ Qxe8 19. Qb5 Qd7 20. c4
dxc4 21. Qxc4+ Kf8 22. Qd3 Kg8 23. c4 Be7 24. Qe4 Nd8 25. d5 Bc5 26. Nd2 Bd6
27. Bxd6 cxd6 28. Nf3 g6 29. Nd4 Kf7 30. Nc6 Nxc6 31. dxc6 Qe6 32. Qd5 Ke7 33.
Kf1 Qxd5 34. cxd5 b5 35. Ke2 a5 36. g4 g5 37. Kd3 Kd8 38. Ke4 Kc7 39. f4 Kb6
40. fxg5 fxg5 1/2-1/2

[Event "TCh-AUT 1st Bundesliga 2007-8"]
[Site "Jenbach AUT"]
[Date "2008.01.12"]
[Round "6"]
[White "Baramidze, D."]
[Black "Socko, B."]
[Result "1/2-1/2"]
[WhiteElo "2582"]
[BlackElo "2635"]
[PlyCount "47"]
[EventDate "2008.01.10"]
[SourceDate "1999.07.01"]

1. e4 e5 2. Nf3 Nf6 3. Nxe5 d6 4. Nf3 Nxe4 5. d4 d5 6. Bd3 Nc6 7. O-O Be7 8. c4
Nb4 9. Be2 O-O 10. Nc3 Bf5 11. a3 Nxc3 12. bxc3 Nc6 13. cxd5 Qxd5 14. Bf4 Rac8
15. Re1 Rfe8 16. Nd2 Na5 17. Nf1 Qb3 18. Ne3 Qxd1 19. Rexd1 Bd7 20. Rab1 Bd6
21. Bg3 Kf8 22. Kf1 Bxg3 23. hxg3 b6 24. Bb5 1/2-1/2

[Event "Chigorin Memorial"]
[Site "St Petersburg RUS"]
[Date "2008.10.11"]
[Round "9"]
[White "Savchenko, B."]
[Black "Lintchevski, D."]
[Result "1-0"]
[WhiteElo "2648"]
[BlackElo "2502"]
[PlyCount "73"]
[EventDate "2008.10.04"]
[SourceDate "1999.07.01"]

1. e4 e5 2. Nf3 Nf6 3. Nxe5 d6 4. Nc4 Nxe4 5. d4 d5 6. Ne3 Qf6 7. Qe2 Be6 8. c3
Nc6 9. Nd2 O-O-O 10. Nxe4 dxe4 11. g3 Bb4 12. Bd2 Nxd4 13. cxd4 Rxd4 14. O-O-O
Bxa2 15. Nc2 Bc4 16. Qe3 Bxd2+ 17. Rxd2 Rxd2 18. Qxd2 Rd8 19. Qc3 Qxc3 20. Bh3+
Kb8 21. bxc3 g6 22. Re1 f5 23. g4 fxg4 24. Rxe4 gxh3 25. Rxc4 Rf8 26. f4 h6 27.
Nd4 Rf6 28. Kd2 g5 29. f5 g4 30. Rc5 b6 31. Re5 c5 32. Ne2 h5 33. Ke3 h4 34.
Kf4 g3 35. Re3 Rf8 36. Kg5 Rg8+ 37. Kh6 1-0

[Event "15th Croatian Open A"]
[Site "Zadar CRO"]
[Date "2008.12.17"]
[Round "5"]
[White "Stevic, H."]
[Black "Drazic, S."]
[Result "1/2-1/2"]
[WhiteElo "2588"]
[BlackElo "2528"]
[PlyCount "24"]
[EventDate "2008.12.14"]
[SourceDate "1999.07.01"]

1. e4 e5 2. Nf3 Nf6 3. Nxe5 d6 4. Nf3 Nxe4 5. Qe2 Qe7 6. d3 Nf6 7. Bg5 Nbd7 8.
Nc3 c6 9. O-O-O h6 10. Bd2 Qxe2 11. Bxe2 Be7 12. Rhe1 O-O 1/2-1/2

[Event "1st Asian Clubs"]
[Site "Al Ain UAE"]
[Date "2008.12.26"]
[Round "2"]
[White "Amin, B."]
[Black "Petrosian, TL."]
[Result "1/2-1/2"]
[WhiteElo "2560"]
[BlackElo "2629"]
[PlyCount "31"]
[EventDate "2008.12.25"]
[SourceDate "1999.07.01"]

1. e4 e5 2. Nf3 Nf6 3. Nxe5 d6 4. Nf3 Nxe4 5. Nc3 Nxc3 6. dxc3 Be7 7. Bd3 Nc6
8. Be3 Be6 9. Qe2 Qd7 10. O-O-O O-O 11. Kb1 Rfe8 12. h3 Bf5 13. Bc4 Be6 14. Bd3
Bf5 15. Bc4 Be6 16. Bd3 1/2-1/2

[Event "1st Asian Clubs"]
[Site "Al Ain UAE"]
[Date "2008.12.29"]
[Round "5"]
[White "Efimenko, Z."]
[Black "Zhou Jianchao"]
[Result "1/2-1/2"]
[WhiteElo "2680"]
[BlackElo "2612"]
[PlyCount "47"]
[EventDate "2008.12.25"]
[SourceDate "1999.07.01"]

1. e4 e5 2. Nf3 Nf6 3. Nxe5 d6 4. Nf3 Nxe4 5. Nc3 Nxc3 6. dxc3 Be7 7. Bf4 Nc6
8. Qd2 Be6 9. O-O-O Qd7 10. h4 h6 11. g3 Bf6 12. Bg2 O-O-O 13. Kb1 Rhe8 14.
Rhe1 Bg4 15. Qd5 Rxe1 16. Rxe1 Re8 17. a3 Rxe1+ 18. Nxe1 Be6 19. Qf3 Bg4 20.
Qe3 Qe7 21. Nd3 g5 22. hxg5 hxg5 23. Qxe7 Bxe7 24. Be3 1/2-1/2

[Event "TCh-NED 2008-9"]
[Site "Netherlands NED"]
[Date "2009.02.07"]
[Round "5"]
[White "Reinderman, D."]
[Black "Ernst, S."]
[Result "1/2-1/2"]
[WhiteElo "2537"]
[BlackElo "2581"]
[PlyCount "42"]
[EventDate "2008.09.27"]
[SourceDate "1999.07.01"]

1. e4 e5 2. Nf3 Nf6 3. Nxe5 d6 4. Nf3 Nxe4 5. Nc3 Nxc3 6. dxc3 Be7 7. Bf4 Nd7
8. Qd2 Nc5 9. O-O-O Bg4 10. Be2 O-O 11. h3 Bxf3 12. Bxf3 Ne6 13. Be3 c6 14. Kb1
d5 15. c4 d4 16. Bxd4 Nxd4 17. Qxd4 Qxd4 18. Rxd4 Rad8 19. Re4 Bc5 20. Re2 Rfe8
21. Rxe8+ Rxe8 1/2-1/2

[Event "65th ch-RUS HL"]
[Site "?"]
[Date "2012.??.??"]
[Round "6"]
[White "Alekseev, Evgeny"]
[Black "Bezgodov, A."]
[Result "1-0"]
[WhiteElo "2675"]
[BlackElo "2505"]
[PlyCount "123"]
[EventDate "2012.??.??"]
[SourceDate "1999.07.01"]

1. e4 e5 2. Nf3 Nf6 3. Nxe5 d6 4. Nf3 Nxe4 5. d4 d5 6. Bd3 Nc6 7. O-O Be7 8.
Nbd2 Bf5 9. Re1 Nxd2 10. Qxd2 Bxd3 11. Qxd3 O-O 12. Bf4 a6 13. Qf5 Bf6 14. c3
Ne7 15. Qh5 c6 16. Be5 Ng6 17. Re3 Be7 18. Rae1 f6 19. Bg3 Rf7 20. Qf5 Qc8 21.
Qe6 Qxe6 22. Rxe6 Rd8 23. Nd2 Bf8 24. b4 Re7 25. Rxe7 Bxe7 26. Nb3 Kf7 27. Kf1
Nf8 28. Ke2 Ne6 29. Kd3 g5 30. Nc5 Nxc5+ 31. bxc5 Rd7 32. f4 gxf4 33. Bxf4 Bd8
34. Re2 Be7 35. c4 dxc4+ 36. Kxc4 h5 37. Bg3 Bf8 38. Bf2 Be7 39. Re4 Rd5 40.
Bg3 Bf8 41. Be1 Be7 42. Rf4 Bf8 43. Rh4 Be7 44. Re4 f5 45. Re2 Bf6 46. Bf2 Rd7
47. Rd2 Ke6 48. Bg3 Rg7 49. Bf4 h4 50. h3 Bg5 51. Re2+ Kd7 52. Be5 Rf7 53. d5
Re7 54. d6 Re6 55. Kd3 Bd8 56. Bd4 Rxe2 57. Kxe2 Ke6 58. Kf3 Ba5 59. g3 hxg3
60. h4 b5 61. cxb6 Kxd6 62. h5 1-0

[Event "5th Karen Asrian Memorial"]
[Site "?"]
[Date "2012.??.??"]
[Round "7"]
[White "Shanava, K."]
[Black "Arutinian, D."]
[Result "1/2-1/2"]
[WhiteElo "2585"]
[BlackElo "2560"]
[PlyCount "39"]
[EventDate "2012.??.??"]
[SourceDate "1999.07.01"]

1. e4 e5 2. Nf3 Nf6 3. Nxe5 d6 4. Nf3 Nxe4 5. Qe2 Qe7 6. Nc3 Nxc3 7. dxc3 Qxe2+
8. Bxe2 Bf5 9. Bd3 Bxd3 10. cxd3 Be7 11. Bg5 Bxg5 12. Nxg5 h6 13. Nf3 Nc6 14.
Kd2 Kd7 15. Rae1 Rae8 16. Re3 Re6 17. Rhe1 Rhe8 18. d4 Rxe3 19. Rxe3 Rxe3 20.
Kxe3 1/2-1/2

[Event "13th ch-CRO 2013"]
[Site "Plitvicka Jezera CRO"]
[Date "2013.01.24"]
[Round "4.4"]
[White "Stevic, H."]
[Black "Saric, A."]
[Result "1/2-1/2"]
[WhiteElo "2618"]
[BlackElo "2540"]
[PlyCount "65"]
[EventDate "2013.01.21"]
[SourceDate "1999.07.01"]

1. e4 e5 2. Nf3 Nf6 3. Nxe5 d6 4. Nf3 Nxe4 5. Bd3 Nf6 6. O-O Be7 7. h3 O-O 8.
c3 c5 9. Bc2 Nc6 10. d4 Be6 11. Re1 h6 12. Be3 Re8 13. Nbd2 Qb6 14. Bb3 Nd5 15.
Bxd5 Bxd5 16. dxc5 Qxb2 17. cxd6 Bxd6 18. c4 Bxf3 19. Nxf3 Bb4 20. Re2 Qf6 21.
Rb1 b6 22. Qa4 Bc5 23. Rbe1 Bxe3 24. Rxe3 Rxe3 25. Rxe3 Rd8 26. g3 g6 27. Kg2
Kg7 28. Qb5 Rd6 29. h4 Rd1 30. Re4 Rd6 31. c5 bxc5 32. Qxc5 Re6 33. Rxe6
1/2-1/2

[Event "Dvorkovich Mem 2013"]
[Site "Taganrog RUS"]
[Date "2013.01.19"]
[Round "5.4"]
[White "Popov, Iv RUS"]
[Black "Belous, V."]
[Result "1/2-1/2"]
[WhiteElo "2623"]
[BlackElo "2554"]
[PlyCount "100"]
[EventDate "2013.01.15"]
[SourceDate "1999.07.01"]

1. e4 e5 2. Nf3 Nf6 3. Nxe5 d6 4. Nf3 Nxe4 5. Nc3 Nxc3 6. dxc3 Nc6 7. Bf4 Qf6
8. Qd2 h6 9. O-O-O Bg4 10. h4 Rg8 11. Re1+ Be7 12. Bd3 Bf5 13. Bxf5 Qxf5 14.
Nd4 Nxd4 15. Qxd4 Kd7 16. Re5 Qg6 17. Qa4+ c6 18. Rd1 Rgd8 19. Re3 Bf8 20. c4
Qh5 21. Qb4 Kc8 22. Red3 Qxh4 23. g3 Qf6 24. Bxd6 Bxd6 25. Rxd6 Rxd6 26. Rxd6
Qxf2 27. Rd1 Qe3+ 28. Kb1 Kc7 29. Qd6+ Kb6 30. Qb4+ Kc7 31. Qd6+ Kb6 32. a4 a6
33. Rd3 Qg1+ 34. Ka2 Ka7 35. Rb3 Rb8 36. Qe5 f6 37. Qe7 Qd4 38. Qb4 Ka8 39. Rd3
Qe5 40. Qb6 f5 41. b4 Qe7 42. Kb3 Rc8 43. b5 cxb5 44. axb5 axb5 45. cxb5 Qe5
46. c4 Qe4 47. Qd4 Qxd4 48. Rxd4 Ka7 49. Kb4 g5 50. c5 Kb8 1/2-1/2

[Event "Turkish Bank Chess League 2012"]
[Site "Konya TUR"]
[Date "2012.07.18"]
[Round "8"]
[White "Kulaots, K."]
[Black "Chadaev, N."]
[Result "1/2-1/2"]
[WhiteElo "2570"]
[BlackElo "2580"]
[PlyCount "34"]
[EventDate "2012.07.11"]
[SourceDate "1999.07.01"]
[WhiteTeam "Ankara Gazi"]
[BlackTeam "Adana Truva"]

1. e4 e5 2. Nf3 Nf6 3. Nxe5 d6 4. Nf3 Nxe4 5. d4 d5 6. Bd3 Nc6 7. O-O Be7 8.
Nc3 Nxc3 9. bxc3 Bg4 10. Rb1 Rb8 11. Re1 O-O 12. Bf4 Bh5 13. Qe2 Bd6 14. Qe3
Bxf4 15. Qxf4 Bg6 16. Bxg6 fxg6 17. Qg4 Qc8 1/2-1/2

[Event "Turkish Bank Chess League 2012"]
[Site "Konya TUR"]
[Date "2012.07.14"]
[Round "4"]
[White "Solak, D."]
[Black "Chadaev, N."]
[Result "1/2-1/2"]
[WhiteElo "2589"]
[BlackElo "2580"]
[PlyCount "95"]
[EventDate "2012.07.11"]
[SourceDate "1999.07.01"]
[WhiteTeam "Besiktas Jimnastik"]
[BlackTeam "Adana Truva"]

1. e4 e5 2. Nf3 Nf6 3. Nxe5 d6 4. Nf3 Nxe4 5. d4 d5 6. Bd3 Be7 7. O-O Nc6 8.
Nc3 Nxc3 9. bxc3 Bg4 10. Rb1 Rb8 11. Re1 O-O 12. h3 Bh5 13. Bf5 Bg6 14. Bxg6
hxg6 15. c4 Re8 16. Bf4 dxc4 17. d5 Na5 18. Bd2 b6 19. Bxa5 bxa5 20. Rxb8 Qxb8
21. Qd4 Qb5 22. Qxa7 Qxd5 23. Qxc7 Kf8 24. Qe5 Qxe5 25. Nxe5 Rc8 26. Nd7+ Ke8
27. Nb6 Rc5 28. Re4 f5 29. Rxc4 Rb5 30. Rc6 Bc5 31. Nd5 Rb1+ 32. Kh2 Bxf2 33.
Rxg6 Bd4 34. Ra6 Rb2 35. Rg6 Rb1 36. Ra6 Rb2 37. Rxa5 Be5+ 38. Kg1 Bd4+ 39. Kh2
Be5+ 40. Kg1 Bd4+ 41. Kh2 Rb1 42. Ra6 Rb2 43. Ra5 Be5+ 44. Kg1 Bd4+ 45. Kh2
Be5+ 46. Kg1 Bd4+ 47. Kh2 Be5+ 48. Kg1 1/2-1/2